000 00440nam a2200181Ia 4500
001 10220
005 20260306161816.0
008 260306t2016||||xx |||||||||||||| ||spa||
041 _aESP
082 _a909.02
_bG23
100 _aGarcía de Cortázar, José Ángel
_eAUT
245 0 _aManual de historia medieval
260 _c2016
300 _a580 páginas :
_c24 cm.
650 _aGEN
654 _aCHU
942 _cLIB
_dJUS
_fJUS
_2ddc
_n
999 _c10220
_d10220